[Event "NH Hotels"]
[Site "Amsterdam NED"]
[Date "2006.08.20"]
[Round "2"]
[White "Ljubojevic,L"]
[Black "Karjakin,Sergey"]
[Result "1/2-1/2"]
[WhiteElo "2551"]
[BlackElo "2679"]
[EventDate "2006.08.19"]

1. d4 d5 2. c4 c6 3. Nc3 Nf6 4. Nf3 e6 5. Bg5 h6 6. Bxf6 Qxf6 7. e3 Nd7 8.
Bd3 dxc4 9. Bxc4 g6 10. O-O Bg7 11. b4 O-O 12. Qb3 Qe7 13. Rfd1 b6 14. Be2
Bb7 15. Nd2 Rab8 16. Rab1 Rfd8 17. Bf3 Nf6 18. Qa4 a6 19. Qb3 Nd5 20. Rdc1
e5 21. Nxd5 cxd5 22. dxe5 Bxe5 23. g3 Rbc8 24. Bg2 b5 25. Nf3 Bf6 26. Nd4
Rc4 27. Qb2 Rdc8 28. a3 Qc7 29. Rd1 Bxd4 30. Rxd4 Rc2 31. Qa1 Qe5 32. Rc4
Qxa1 33. Rxc8+ 1/2-1/2

[Event "NH Hotels"]
[Site "Amsterdam NED"]
[Date "2006.08.21"]
[Round "3"]
[White "Smeets,J"]
[Black "Ljubojevic,L"]
[Result "1-0"]
[WhiteElo "2532"]
[BlackElo "2551"]
[EventDate "2006.08.19"]

1. e4 e5 2. Nf3 Nc6 3. Bb5 a6 4. Ba4 Nf6 5. O-O Be7 6. Re1 b5 7. Bb3 O-O 8.
d4 Nxd4 9. Nxd4 exd4 10. e5 Ne8 11. Qxd4 d6 12. c3 dxe5 13. Qxe5 Bd6 14.
Bg5 Nf6 15. Bxf6 Qxf6 16. Qxf6 gxf6 17. Nd2 f5 18. Nf3 Kg7 19. Bd5 Rb8 20.
Ne5 Rb6 21. Rad1 c5 22. b3 Bc7 23. Nd3 c4 24. bxc4 bxc4 25. Bxc4 Rc6 26.
Nb2 Bd8 27. Re3 Bf6 28. Rg3+ Kh8 29. f4 Rc7 30. Rd6 Bh4 31. Rh3 Be7 32. Rd2
Bf6 33. Rdd3 Bb7 34. Bd5 Bxc3 35. Nd1 Bb4 36. Bxb7 Rxb7 37. Rh5 Rb5 38.
Rdh3 Bc5+ 39. Kf1 Bd4 40. Rxh7+ Kg8 41. R7h6 Rd8 42. Rd3 Ra5 43. Rd2 Bf6
44. Rxd8+ Bxd8 45. Rc6 Rxa2 46. Ne3 Kf8 47. Nxf5 Ke8 48. h3 Kd7 49. Rd6+
Kc7 50. Rd3 a5 51. h4 Rc2 52. h5 Bf6 53. Ne3 Rc1+ 54. Ke2 Kc6 55. Ng4 Bb2
56. Ne5+ Kc5 57. Rd8 Rc2+ 58. Kf3 Bc3 59. h6 f6 60. Nd3+ Kc4 61. h7 1-0

[Event "NH Hotels"]
[Site "Amsterdam NED"]
[Date "2006.08.23"]
[Round "5"]
[White "Smeets,J"]
[Black "Jussupow,Ar"]
[Result "1/2-1/2"]
[WhiteElo "2532"]
[BlackElo "2617"]
[EventDate "2006.08.19"]

1. e4 e6 2. d4 d5 3. Nc3 Bb4 4. e5 Ne7 5. a3 Bxc3+ 6. bxc3 c5 7. Qg4 O-O 8.
Bd3 Nbc6 9. Qh5 Ng6 10. Nf3 Qc7 11. Be3 Nce7 12. h4 Bd7 13. Qg5 f6 14. exf6
gxf6 15. Qh6 cxd4 16. h5 Qxc3+ 17. Ke2 Nf5 18. Bxf5 dxe3 19. Bd3 Bb5 20.
Bxb5 Qxc2+ 21. Kxe3 Ne7 22. Bd3 d4+ 23. Ke4 Qxf2 24. Rae1 Nf5 25. Qd2 Ng3+
26. Kf4 Nxh1 27. Rxh1 Qxd2+ 28. Nxd2 Rac8 29. Ne4 Rc6 30. Rh3 Kh8 31. h6
Rc7 32. Rg3 Re7 33. Bc4 f5 34. Nd6 e5+ 35. Kg5 e4 36. Rb3 e3 37. Be2 f4 38.
Rd3 Re5+ 39. Kg4 Re6 40. Rxd4 Rg6+ 41. Kh3 Rxh6+ 42. Kg4 Rg6+ 43. Kh3 Rh6+
44. Kg4 Rg6+ 45. Kh3 b6 46. Kh2 a5 47. a4 Rff6 48. Nc4 Rg5 49. Rd8+ Rg8 50.
Rd1 Rc8 51. Rd4 Rc5 52. Rd8+ Kg7 53. Rd7+ Rf7 54. Rd4 Rf6 55. Rd7+ Kg8 56.
Rd8+ Kg7 1/2-1/2

[Event "NH Hotels"]
[Site "Amsterdam NED"]
[Date "2006.08.26"]
[Round "7"]
[White "Karjakin,Sergey"]
[Black "Ljubojevic,L"]
[Result "1/2-1/2"]
[WhiteElo "2679"]
[BlackElo "2551"]
[EventDate "2006.08.19"]

1. e4 c5 2. Nf3 Nc6 3. d4 cxd4 4. Nxd4 g6 5. c4 Nf6 6. Nc3 Nxd4 7. Qxd4 d6
8. Be3 Bg7 9. f3 O-O 10. Qd2 Be6 11. Rc1 Qa5 12. Be2 Rfc8 13. b3 Nd7 14.
Nd5 Qxd2+ 15. Kxd2 Bxd5 16. cxd5 a6 17. Rxc8+ Rxc8 18. Rc1 Rxc1 19. Kxc1
Kf8 20. Kc2 Ke8 21. b4 Kd8 22. a4 Kc7 23. a5 Ba1 24. f4 Nf6 25. Bb6+ Kd7
26. Kd3 Bb2 27. Bf3 Kc8 28. g3 h6 29. Bg2 Ng4 30. Bh3 h5 31. Bg1 Kc7 32.
Kc4 Kb8 33. Bg2 Kc8 34. Kd3 Kb8 35. Bf3 Kc8 36. Bd1 Nf6 37. Bc2 Ba1 38. h3
Bb2 39. Be3 Kd8 40. Ba4 Kc8 41. Bd4 Bxd4 42. Kxd4 Kd8 43. e5 Ng8 44. f5 g5
45. h4 g4 46. b5 axb5 47. Bxb5 f6 48. e6 Nh6 49. Ke4 Ng8 50. Kf4 1/2-1/2

[Event "NH Hotels"]
[Site "Amsterdam NED"]
[Date "2006.08.27"]
[Round "8"]
[White "Ljubojevic,L"]
[Black "Smeets,J"]
[Result "1-0"]
[WhiteElo "2551"]
[BlackElo "2532"]
[EventDate "2006.08.19"]

1. c4 Nf6 2. Nf3 e6 3. g3 d5 4. Bg2 dxc4 5. Qa4+ Nbd7 6. O-O a6 7. Qxc4 c5
8. Qc2 Be7 9. Rd1 e5 10. Nc3 O-O 11. e3 Bd6 12. d4 Qe7 13. Ng5 exd4 14. Nd5
Qe8 15. exd4 cxd4 16. Bf4 Bxf4 17. gxf4 Qd8 18. Rxd4 g6 19. Rad1 Nxd5 20.
Bxd5 Qf6 21. Qc7 Qb6 22. Bxf7+ Rxf7 23. Qc4 Qf6 24. Rxd7 Bxd7 25. Rxd7 Raf8
26. Nxf7 Rxf7 27. Rxb7 1-0